Disney Songs - Sudden Death #3 - Statistics

General Stats
  • This quiz has been taken 256 times
  • The average score is 11 of 20
Answers on the Grid
Answers color-coded by a green-red scale on the quiz's grid according to % correct below.
Something There
My Favorite Things
Love is an Open Door
The Phony King of England
Under the Sea
Summer Nights
So This is Love
What Else Can I Do?
Wait for It
Try Everything
Baby Mine
Honor to Us All
When Will My Life Begin
Money for Nothing
A Whole New World
The Only Exception
Into the Unknown
Shiny
All I Ask of You
I Just Can't Wait to Be King
Way Down
Out There
Ready As
I Will Be There
Fixer Upper
Breaking Free
Zero to Hero
I've Got No Strings
When Can I See You Again?
Dig a Little Deeper
 
Answer Stats
Answer % Correct
Under the Sea
84%
Love is an Open Door
79%
A Whole New World
77%
I Just Can't Wait to Be King
73%
When Will My Life Begin
71%
Into the Unknown
67%
So This is Love
62%
Shiny
55%
Something There
55%
Zero to Hero
55%
Fixer Upper
52%
Honor to Us All
50%
Try Everything
50%
What Else Can I Do?
47%
Dig a Little Deeper
43%
Out There
34%
Baby Mine
33%
I've Got No Strings
33%
The Phony King of England
33%
When Can I See You Again?
23%
No matching quizzes found
Score Distribution
Percent of People with Each Score
Percentile by Number Answered
Your Score History
You have not taken this quiz